000 00477nam a2200205Ia 4500
003 OSt
005 20220924133416.0
006 a|||||r|||| 00| 0
007 ta
008 220923b |||||||| |||| 00| 0 snd d
024 _a265170
037 _cTextual
040 _aARTS
_cARTS
_bsnd
041 _2snd
_asnd
082 _aO1593:1M85w, J3
245 0 _aKavi bevas
260 _c1953
942 _hO1593:1M85w, J3
_cTEXL
_2CC
999 _c433712
_d433712